Raad de Pokémon via emoji's - Statistieken

Algemene statistieken
  • Deze quiz is 143 keer genomen
  • De gemiddelde score is 3 van 10
Antwoordstatistieken
Hint Antwoord % Correct
🔥🐲 Charizard
97%
👨🤡 Mr. Mime
50%
🌊🦆 Psyduck
50%
⚡🦓 Zebstrika
25%
⚔🎚 Aegislash
13%
🔦🐔 Torchic
12%
⌛🏰 Pallosand
11%
🕘🦊 Ninetales
10%
🦅🥒 Farfetch'd
5%
🌭🌍 Diglett
3%
Geen overeenkomende quizzen gevonden
Scoreverdeling
Procent van Mensen met Elke Score
Percentiel versus Aantal Correcte Antwoorden
Uw Scoregeschiedenis
U heeft deze quiz nog niet genomen